00726nam a22002297a 450000500170000000800410001701000150005802000270007303500130010003700130011304000130012608200080013910000030014724501300015026000400028027000440032030000250036450000510038970000190044070000170045970000200047620121204143829.0121204t xxu||||| |||| 00| 0 eng d aENG-106268 a9788184841961c1050.00 aEN-89801 bDBAD/PUB aDPLbEng a327  aContemporary issues in global politics :cedited by Chanchal Kumar, Sanju Gupta [and] Vrushal Ghobleban Asian perspective / aNew DelhibRegal Publicationsc2013 aF-159 Rajouri GardenbNew Delhie110027 axii,268p. c22cm(Hb) aIncludes bibliographical references and index aChanchal Kumar aGupta, Sanju aGhoble, Vrushal